Historia del Concilio de Trento

Spremljeno u:
Bibliografski detalji
Glavni autor: Jedin, Hubert (Autor)
Format: Knjiga
Jezik:španjolski
Izdano: Pamplona Universidad de Navarra 1972
Teme:
Oznake: Dodaj oznaku
Bez oznaka, Budi prvi tko označuje ovaj zapis!

MARC

LEADER 00000nam a2200000 a 4500
001 UCX2389
003 CL-VaPUC
008 910509e19720000SP |||||||||||||||||spa|d
082 0 4 |a 270.6  |b JED  |2 21 
100 |a Jedin, Hubert  |e author  |9 586348 
245 1 0 |a Historia del Concilio de Trento 
300 |a 2 v 
942 |c BK 
945 |d 19910509 00:00:00  |a aalvarez 
260 |a Pamplona  |b Universidad de Navarra  |c 1972 
500 |a v.1: La lucha por el Concilio 
500 |a v.2: El primer período 1545-1547 
650 0 |a Historia de la iglesia   |9 257565 
650 0 |a Concilio de Trento  |9 318307 
583 |a last modification  |c 20130925 04:57:22  |k Rodrigo Vera 
999 |c 223422  |d 223420 
952 |0 0  |1 0  |4 0  |6 270_600000000000000_JED_1972  |7 0  |8 A  |9 219196  |a BIBTEO  |b BIBTEO  |d 2019-11-15  |h v.1  |i 2879603  |l 1  |o 270.6 JED 1972  |p 2879603  |r 2025-01-28  |s 2025-01-28  |w 2019-11-15  |y BK  |k ICR 
952 |0 0  |1 0  |4 0  |6 270_600000000000000_JED_1972  |7 0  |8 A  |9 219197  |a BIBTEO  |b BIBTEO  |d 2019-11-15  |h v.2  |i 2879611  |l 1  |o 270.6 JED 1972  |p 2879611  |r 2025-01-28  |s 2025-01-28  |w 2019-11-15  |y BK  |k ICR